|
|
|
|
| LEADER |
00000nam0a2200000 4500 |
| 001 |
233780 |
| 005 |
20231101231253.0 |
| 010 |
|
|
|a 9785160052212
|
| 035 |
|
|
|a (RuTPU)RU\TPU\book\254861
|
| 090 |
|
|
|a 233780
|
| 100 |
|
|
|a 20130312d2013 m y0rusy50 ca
|
| 101 |
0 |
|
|a rus
|
| 102 |
|
|
|a RU
|
| 105 |
|
|
|a y j 001zy
|
| 200 |
1 |
|
|a 454 вопроса по менеджменту
|e учебное пособие
|f Т. Б. Борискина, О. С. Пескова
|
| 210 |
|
|
|a Москва
|c Инфра-М
|d 2013
|
| 215 |
|
|
|a 100 с.
|
| 225 |
1 |
|
|a Высшее образование. Бакалавриат
|
| 320 |
|
|
|a Библиогр.: с. 100.
|
| 330 |
|
|
|a Учебное пособие предназначено для контроля усвоения теоретического материала по курсу «Менеджмент». Также возможно использование предложенного перечня вопросов для самопроверки знаний студентами и подготовки к экзэмену.
|
| 606 |
1 |
|
|a Менеджмент
|2 stltpush
|3 (RuTPU)RU\TPU\subj\42098
|9 61850
|
| 610 |
1 |
|
|a управление
|
| 610 |
1 |
|
|a организация
|
| 610 |
1 |
|
|a методология
|
| 610 |
1 |
|
|a зарубежный опыт
|
| 610 |
1 |
|
|a концепции
|
| 610 |
1 |
|
|a управленческая деятельность
|
| 610 |
1 |
|
|a управленческие процессы
|
| 610 |
1 |
|
|a управленческие решения
|
| 610 |
1 |
|
|a функции
|
| 610 |
1 |
|
|a вопросы
|
| 610 |
1 |
|
|a ответы
|
| 610 |
1 |
|
|a учебные пособия
|
| 686 |
|
|
|a У9(2)212я73
|v LBC/SL-A
|2 rubbk
|
| 700 |
|
1 |
|a Борискина
|b Т. Б.
|g Татьяна Борисовна
|
| 701 |
|
1 |
|a Пескова
|b О. С.
|g Ольга Сергеевна
|
| 801 |
|
1 |
|a RU
|b 63413507
|c 20130312
|
| 801 |
|
2 |
|a RU
|b 63413507
|c 20130527
|g RCR
|
| 900 |
|
|
|a Менеджмент
|
| 942 |
|
|
|c BK
|
| 955 |
|
|
|l 8
|
| 959 |
|
|
|a 39/20130219
|d 1
|e 129,90
|f ЧЗГЛ:1
|